Govt. of
Madhya Pradesh

The collected Writings of Thomas De Quincey (Record no. 36952)

MARC details
000 -LEADER
fixed length control field 004470000a22001690004500
003 - CONTROL NUMBER IDENTIFIER
control field MACL
005 - DATE AND TIME OF LATEST TRANSACTION
control field 20160105171749.0
008 - FIXED-LENGTH DATA ELEMENTS--GENERAL INFORMATION
fixed length control field 160105b xxu||||| |||| 00| 0 eng d
040 ## - CATALOGING SOURCE
Original cataloging agency MACL
Transcribing agency MACL
041 ## - LANGUAGE CODE
Language code of text/sound track or separate title English
082 ## - DEWEY DECIMAL CLASSIFICATION NUMBER
Classification number 824/MAS
100 ## - MAIN ENTRY--PERSONAL NAME
Personal name Masson, David
9 (RLIN) 27881
245 ## - TITLE STATEMENT
Title The collected Writings of Thomas De Quincey
260 ## - PUBLICATION, DISTRIBUTION, ETC. (IMPRINT)
Name of publisher, distributor, etc. Adam and Charles Black
Date of publication, distribution, etc. 1890
Place of publication, distribution, etc. Edinburgh
650 ## - SUBJECT ADDED ENTRY--TOPICAL TERM
Topical term or geographic name as entry element English Essay
9 (RLIN) 8946
942 ## - ADDED ENTRY ELEMENTS (KOHA)
Koha item type Books
Call number prefix 824
Source of classification or shelving scheme

No items available.